| 000 | 00490cam a2200193ua 4500 | ||
|---|---|---|---|
| 001 | 10552 | ||
| 008 | 190316n ii |||gr||||Z||||||eng | ||
| 020 | _a9788178298818 | ||
| 040 | _cMAIN | ||
| 082 | _a320.954 | ||
| 100 |
_aBidyut Chakrabarty, _eAuthor. |
||
| 245 | _aIndian government and politics | ||
| 250 | _a1st ed. | ||
| 260 |
_aNew Delhi: _bSage publications, _c2008. |
||
| 300 | _a359p. | ||
| 653 | _aPolitical science | ||
| 700 |
_aRajendra Kumar Pandey, _eAuthor. |
||
| 942 | _cBK | ||
| 999 |
_c9525 _d9525 |
||